English Cities - Sudden Death - Statistics

General Stats
  • This quiz has been taken 130 times
    89 since last reset
  • The average score is 9 of 20
Answers on the Grid
Answers color-coded by a green-red scale on the quiz's grid according to % correct below.
Birmingham
Leeds
Derby
Lichfield
Rugeley
Brighton & Hove
Stafford
Ely
Worthing
Blackpool
Chester
Norwich
Blackburn
Salford
Lancaster
Nottingham
Lewes
Wells
Truro
Penzance
Exeter
Portsmouth
Dover
Canterbury
Bognor Regis
Cannock
Westminster
Southampton
Oxford
Bath
 
Answer Stats
Answer % Correct
Birmingham
100%
Leeds
84%
Derby
69%
Brighton & Hove
59%
Nottingham
48%
Oxford
45%
Norwich
43%
Bath
40%
Ely
40%
Southampton
40%
Portsmouth
38%
Exeter
34%
Chester
33%
Lancaster
33%
Lichfield
33%
Westminster
33%
Canterbury
31%
Salford
28%
Wells
26%
Truro
22%
No matching quizzes found
Score Distribution
Percent of People with Each Score
Percentile by Number Answered
Your Score History
You have not taken this quiz since the last reset